La Palabra hiere: lenguaje, sexualidad y violencia en la vida cotidiana en una cárcel de hombres /
El autor desarrolla en el presente artículo una serie de apuntes sobre palabras y expresiones usadas en la cárcel, realizados durante su detención en ese centro como preso político, por un lapso de seis años
Na minha lista:
| Autor principal: | |
|---|---|
| Formato: | Texto |
| Assuntos: | |
| Tags: |
Adicionar Tag
Sem tags, seja o primeiro a adicionar uma tag!
|
MARC
| LEADER | 00000 a a2200000 04500 | ||
|---|---|---|---|
| 001 | 5062 | ||
| 003 | |||
| 040 | |||
| 100 | |a Regueyra, Miguel | ||
| 245 | |a La Palabra hiere: |b lenguaje, sexualidad y violencia en la vida cotidiana en una cárcel de hombres / |c Miguel Regueyra | ||
| 500 | |a Dirección: hht://ns.fcs.ac.cr/~historia/sitio/artic.html | ||
| 520 | |a El autor desarrolla en el presente artículo una serie de apuntes sobre palabras y expresiones usadas en la cárcel, realizados durante su detención en ese centro como preso político, por un lapso de seis años | ||
| 650 | |a DIALOGO | ||
| 650 | |a LENGUAS | ||
| 650 | |a PRISIONEROS | ||
| 650 | |a PRISIONES | ||
| 650 | |a SEXAULIDAD | ||
| 650 | |a COMPORTAMIENTO SEXUAL | ||
| 650 | |a HOMOSEXUALIDAD | ||
| 650 | |a VIOLENCIA | ||
| 650 | |a CONFLICTOS | ||
| 650 | |a DELITOS | ||
| 650 | |a DROGAS DE USO INDEBIDO | ||
| 650 | |a ESTUPEFACIENTES | ||
| 650 | |a VIDA | ||
| 650 | |a HOMBRES | ||
| 650 | |a DISCRIMINACION | ||
| 773 | |g volumen 2, número 4; 8 página | ||
| 999 | |c 23088 |d 23088 | ||
